000
00350pam a2200157a 44500
008
230515b1999 xxu||||| |||| 00| 0 eng d
020
_a
NULL
041
_a
ENG
082
_a
NULL
100
_a
BUDHANANDA S
245
_a
CAN ONE BE SCIENTIFIC AND YET SPIRITUAL ?
250
_a
0
260
_a
NULL
_b
NULL
_c
1999
300
_a
85
650
_a
NULL
999
_c
478436
_d
478436